000 00818nam a22002414a 4500
008
020 _a0443071012 (pbk.)
049 _aMAIN
090 _aRC271.C5
_bROY
245 0 4 _aThe Royal Marsden Hospital handbook of cancer chemotherapy :
_ba guide for the multidisciplinary team /
_cedited by David Brighton, Miriam Wood.
260 _aEdinburgh :
_bChurchill Livingstone,
_c2005.
300 _axvii, 563 p. :
_bill. ;
_c25 cm. +
_e1 CD-ROM (4 3/4 in.)
504 _aIncludes bibliographical references.
500 _aIncludes Index.
650 _aCancer chemotherapy
700 _aWood, Miriam
700 _aBrighton, David
907 _a.b1026629x
_b30-01-14
_c16-09-09
003
005 20230120204018.0
040 _cNUST
942 _cBOOKS
_kRC271.C5
_mROY
999 _c115538
_d115538